Normal view
MARC view
- Archaeology)—India—Hampi
Entry Geographic Name
001 - CONTROL NUMBER
- control field: 217853
003 - CONTROL NUMBER IDENTIFIER
- control field: OSt
005 - DATE AND TIME OF LATEST TRANSACTION
- control field: 20260516171059.0
008 - FIXED-LENGTH DATA ELEMENTS
- fixed length control field: 260516|| aca||aabn | a|a d
040 ## - CATALOGING SOURCE
- Original cataloging agency: OSt
- Transcribing agency: OSt
151 ## - HEADING--GEOGRAPHIC NAME
- Geographic name: Archaeology)—India—Hampi
670 ## - SOURCE DATA FOUND
- Source citation: Work cat.: (OSt)370936: Fritz John M 217701, Vijaynagara Archaeological Exploration 1990-2000 (2 Parts)